[Event "Hessen-chB"]
[Site "Korbach"]
[Date "2013.03.30"]
[Round "7"]
[White "Seemke, Erwin"]
[Black "Martens, Nick"]
[Result "1-0"]
[WhiteElo "1162"]
[BlackElo "1747"]
[PlyCount "138"]
[EventDate "2013.03.27"]
[EventType "swiss"]
[EventRounds "7"]
[EventCountry "GER"]
[SourceTitle "EXT 2014"]
[Source "ChessBase"]
[SourceDate "2013.11.20"]
[SourceVersion "1"]
[SourceVersionDate "2013.11.20"]
[SourceQuality "1"]

1. d4 d6 2. Nf3 Nd7 3. c4 g6 4. Nc3 Bg7 5. e3 c6 6. a3 Ngf6 7. Qc2 0-0 8. b4 a6 9. Bd3 e6 10. 0-0 d5 11. c5 Re8 12. e4 dxe4 13. Nxe4 Nxe4 14. Bxe4 Qc7 15. Bb2 Nf6 16. Rfe1 Nd5 17. Bxd5 cxd5 18. Bc1 Bd7 19. Be3 Reb8 20. Qd2 a5 21. Bf4 Qc8 22. Bxb8 Rxb8 23. a4 axb4 24. Qxb4 Bf8 25. Qb6 Qe8 26. a5 Bb5 27. Reb1 Ba6 28. Ne5 Bg7 29. Qb4 Bxe5 30. dxe5 Rc8 31. Qd4 Rc7 32. Rb6 Qc8 33. Rc1 Bc4 34. Rcb1 Ba6 35. c6 Rxc6 36. Rxc6 Qxc6 37. h3 Qc2 38. Qb2 Qa4 39. Qb4 Qc2 40. Qb6 Kg7 41. Qb2 Qe4 42. Qa1 d4 43. Re1 Qd5 44. Rd1 d3 45. Rd2 f6 46. exf6+ Kf7 47. Qc3 Bc4 48. Qb4 Kxf6 49. Qf8+ Ke5 50. Qg7+ Ke4 51. Qxh7 Kd4 52. Qh8+ e5 53. Qa8 Ba6 54. Qa7+ Qc5 55. Qxc5+ Kxc5 56. f3 Kb4 57. Kf2 Kxa5 58. Ke3 Kb4 59. g4 Kc3 60. h4 Bc4 61. h5 gxh5 62. gxh5 Bf7 63. Rxd3+ Kc4 64. h6 Bg6 65. Rd7 b5 66. h7 Bxh7 67. Rxh7 b4 68. Ke4 b3 69. Kxe5 b2 1-0

[Event "Hessen-chB"]
[Site "Korbach"]
[Date "2013.03.29"]
[Round "4"]
[White "Weber, Stefan"]
[Black "Seemke, Erwin"]
[Result "0-1"]
[WhiteElo "1512"]
[BlackElo "1162"]
[PlyCount "46"]
[EventDate "2013.03.27"]
[EventType "swiss"]
[EventRounds "7"]
[EventCountry "GER"]
[SourceTitle "EXT 2014"]
[Source "ChessBase"]
[SourceDate "2013.11.20"]
[SourceVersion "1"]
[SourceVersionDate "2013.11.20"]
[SourceQuality "1"]

1. e4 c6 2. f4 d5 3. e5 f6 4. d4 Bf5 5. Bd3 Qd7 6. Bxf5 Qxf5 7. Nc3 e6 8. Nf3 Qg6 9. Nh4 Qf7 10. 0-0 Be7 11. f5 fxe5 12. fxe6 Qxe6 13. Qh5+ g6 14. Nxg6 Qxg6 15. Qxe5 Nf6 16. Bg5 Nbd7 17. Qe3 0-0-0 18. Bh4 Rde8 19. Bg3 Bd6 20. Qf3 Bxg3 21. hxg3 Rhf8 22. Ne2 Nh5 23. Qb3 Rxf1+ 0-1

[Event "Hessen-chB"]
[Site "Korbach"]
[Date "2013.03.28"]
[Round "2"]
[White "Alefs, Willi"]
[Black "Seemke, Erwin"]
[Result "1-0"]
[WhiteElo "1898"]
[BlackElo "1162"]
[PlyCount "73"]
[EventDate "2013.03.27"]
[EventType "swiss"]
[EventRounds "7"]
[EventCountry "GER"]
[SourceTitle "EXT 2014"]
[Source "ChessBase"]
[SourceDate "2013.11.20"]
[SourceVersion "1"]
[SourceVersionDate "2013.11.20"]
[SourceQuality "1"]

1. c4 c6 2. b3 Nf6 3. Bb2 e6 4. e3 d5 5. Nf3 Bd6 6. Qc2 Nbd7 7. Nc3 Ne5 8. Be2 Nxf3+ 9. Bxf3 Be5 10. d4 Bd6 11. c5 Bc7 12. 0-0-0 0-0 13. g4 e5 14. h3 e4 15. Be2 Nd7 16. h4 f5 17. gxf5 Rxf5 18. Bg4 Rf7 19. Be6 Nf6 20. Bxf7+ Kxf7 21. Rdf1 Bg4 22. Ne2 Bf3 23. Rhg1 Ng4 24. Ng3 Qxh4 25. Nf5 Qf6 26. Ng3 Qh4 27. Qd2 a5 28. Ba3 Qd8 29. Kb1 Qb8 30. Re1 b6 31. cxb6 Bxb6 32. Qc2 Qc7 33. Nf5 Kf6 34. Ne7 Ke6 35. Rc1 Qb7 36. Qxc6+ Qxc6 37. Rxc6+ 1-0

[Event "Hessen-chB"]
[Site "Korbach"]
[Date "2013.03.28"]
[Round "3"]
[White "Seemke, Erwin"]
[Black "Krug, Franz Dieter"]
[Result "0-1"]
[WhiteElo "1162"]
[BlackElo "1571"]
[PlyCount "76"]
[EventDate "2013.03.27"]
[EventType "swiss"]
[EventRounds "7"]
[EventCountry "GER"]
[SourceTitle "EXT 2014"]
[Source "ChessBase"]
[SourceDate "2013.11.20"]
[SourceVersion "1"]
[SourceVersionDate "2013.11.20"]
[SourceQuality "1"]

1. d4 d5 2. e3 Nf6 3. c4 e6 4. a3 c5 5. dxc5 Bxc5 6. b4 Be7 7. Nf3 0-0 8. Qc2 b6 9. Nbd2 Bb7 10. Nd4 Nbd7 11. cxd5 Bxd5 12. f3 Rc8 13. Qb1 Bb7 14. Bd3 Ne5 15. 0-0 Nxd3 16. Qxd3 e5 17. Bb2 exd4 18. Bxd4 Qd5 19. Qb3 Qh5 20. f4 Ng4 21. h3 Nh6 22. Qd1 Qg6 23. Nf3 Rc7 24. Rf2 Rfc8 25. Ne5 Qf5 26. g4 Qe4 27. Qf3 Bh4 28. Rff1 Qc2 29. Rac1 Bxf3 30. Rxc2 Rxc2 31. Nxf3 Be7 32. e4 f6 33. Be3 R8c3 34. Nd4 Ra2 35. Rf2 Raxa3 36. Nb5 Ra1+ 37. Rf1 Rxf1+ 38. Kxf1 Rxe3 0-1